|
|
|
|
| LEADER |
00000nam0a2200000 4500 |
| 001 |
35264 |
| 005 |
20231101210306.0 |
| 035 |
|
|
|a (RuTPU)RU\TPU\book\35690
|
| 035 |
|
|
|a BOOK00002342
|
| 090 |
|
|
|a 35264
|
| 100 |
|
|
|a 20011210d1986 km y0rusy50 ca
|
| 101 |
0 |
|
|a rus
|
| 102 |
|
|
|a RU
|
| 105 |
|
|
|a y z 000zy
|
| 200 |
1 |
|
|a Практические расчеты в разведочном бурении
|f Р. А. Ганджумян
|
| 205 |
|
|
|a 2-е изд., перераб. и доп.
|
| 210 |
|
|
|a Москва
|c Недра
|d 1986
|
| 215 |
|
|
|a 252 с.
|
| 330 |
|
|
|a Отражены достижения в технике и технологии разведочного бурения. Большое внимание уделено внедрению высокоскоростного алмазного бурения с использованием высокочастотных гидро- и пневмоударников, снарядов со съемными керноприемниками, внедрению комплекса технических средств с гидротранспортом керна и методов оптимизации процесса бурения. Рассмотрены вопросы режимов бурения горизонтальных скважин, использования неметаллического крепления стенок скважин, средств механизации трудоемких процессов, выбора типоразмеров долот и параметров режима бурения скважин на воду. Освещено использование статистических методов прогнозирования и планирования эксперимента при технологических исследованиях в бурении.
|
| 606 |
|
|
|a Бурение разведочное
|2 stltpush
|3 (RuTPU)RU\TPU\subj\67672
|9 83393
|
| 610 |
1 |
|
|a геология
|
| 610 |
1 |
|
|a расчеты
|
| 610 |
1 |
|
|a алмазное бурение
|
| 610 |
1 |
|
|a гидроударники
|
| 610 |
1 |
|
|a пневмоударники
|
| 610 |
1 |
|
|a скважины
|
| 610 |
1 |
|
|a режимы бурения
|
| 610 |
1 |
|
|a прогнозирование
|
| 610 |
1 |
|
|a планирование
|
| 675 |
|
|
|a 550.822.7
|v 3
|
| 700 |
|
1 |
|a Ганджумян
|b Р. А.
|g Рубен Александрович
|
| 801 |
|
0 |
|a RU
|b 63413507
|c 20011210
|g PSBO
|
| 801 |
|
2 |
|a RU
|b 63413507
|c 20200831
|g PSBO
|
| 900 |
|
|
|a Бурение разведочных скважин 1
|
| 900 |
|
|
|a Буровые машины и механизмы
|
| 942 |
|
|
|c BK
|